| 000 | 00703nam a2200229 i 4500 | ||
|---|---|---|---|
| 001 | 15680 | ||
| 003 | ES-MaACL | ||
| 005 | 20230906151128.0 | ||
| 007 | t| | ||
| 008 | 000504s1995 sp a |||| | spa j | ||
| 020 | _a84-87715-53-2 | ||
| 080 | _a308-055.2(460.27)"17" | ||
| 100 | 1 |
_aMartínez Medina, Africa. _978223 |
|
| 245 | 1 | 0 |
_aEspacios privados de la mujer en el siglo XVIII / _cÁfrica Martínez Medina. |
| 260 |
_aMadrid : _bHoras y Horas, _c1995. |
||
| 300 |
_a135 p. : _bil. ; _c21 cm. |
||
| 490 | 1 | _aMujeres en Madrid | |
| 650 | 1 | 4 |
_aMujeres- _zEspaña- _xSituación social- _yS.XVIII. _9167798 |
| 830 | 0 |
_aMujeres en Madrid _9179213 |
|
| 852 |
_aES-MaACL _jL-23056 |
||
| 999 |
_c15680 _d15680 |
||